| 000 | 01589nam0a2200349 4500 | ||
|---|---|---|---|
| 001 | RU\NLR\bibl\374643 | ||
| 005 | 20250622151606.0 | ||
| 021 |
_aRU _b2003-17615 _9808 |
||
| 035 | _a(NLR Aleph) 000369136 | ||
| 090 |
_a384396 _c384396 |
||
| 100 | _a20030307d2002 |||y0rusy50 ca | ||
| 101 | 0 | _arus | |
| 102 | _aRU | ||
| 105 | _aa ||||||||| | ||
| 200 | 1 |
_aСтратегический менеджмент _eУчеб. пособие _fН.М. Дегтярева, М.Ю. Лысова, Е.Г. Пипко, Ю.Р. Шнякина _g[Под ред. Пипко Е.Г.] _gМ-во образования Рос. Федерации, Моск. гос. ун-т сервиса, Поволж. технол. ин-т сервиса |
|
| 210 |
_aТольятти _cПТИС МГУС _d2002 |
||
| 215 |
_a173 с. _cил. _d20 |
||
| 320 | _aБиблиогр.: с. 170-173 (57 назв.) | ||
| 606 | 0 |
_aМенеджмент стратегический _jРуководства, пособия и т.п. для высшей школы _92072680 _3RU\NLR\auth\661247525 |
|
| 606 | 0 |
_aМенеджмент стратегический _jУчебные издания для высшей школы _92072680 _3RU\NLR\auth\661247525 |
|
| 686 | _aУ21(0)2я73 | ||
| 701 | 1 |
_aДегтярева _bН. М. _4070 |
|
| 701 | 1 |
_aЛысова _bМ. Ю. _4070 |
|
| 701 | 1 |
_aПипко _bЕ. Г. _4070 |
|
| 701 | 1 |
_aШнякина _bЮ. Р. _4070 |
|
| 702 | 1 |
_aПипко _bЕ. Г. _4340 |
|
| 801 | 0 |
_aRU _bNLR _c20030307 _gPSBO |
|
| 801 | 1 |
_aRU _bNLR _c20030307 |
|
| 942 | _cBOOK | ||
| 980 | _aNB | ||
| 980 | _aNBR | ||